| 000 | 00371nam a22001577a 4500 | ||
|---|---|---|---|
| 003 | SGT | ||
| 020 | _a9789385274176 | ||
| 082 |
_a611 _bE17D |
||
| 100 | _aDATTA, ASIM KUMAR | ||
| 245 | _aESSENTIALS OF HUMAN EMBRYOLOGY | ||
| 260 |
_aKOLKATA _bCURRENT BOOK INT. _c2017 |
||
| 300 | _a314 | ||
| 650 | _aEMBRYOLOGY | ||
| 653 | _aHUMAN,ANATOMY, EMBRYOLOGY | ||
| 942 |
_2ddc _cBK |
||
| 999 |
_c34730 _d34730 |
||